Southville International School and Colleges
Your cart is empty.
  • Cart
  • Lists
    Public lists Eva Luna New books Lux_list list_1
    Your lists Log in to create your own lists
  • Log in to your account
  • Your cookies
  • Search history
Southville International School and Colleges
  • Advanced search
  • Recent comments
  • Most popular
  • Libraries

Log in to your account

Log in with GOOGLE


If you do not have an external account, but do have a local account, you can still log in:

  1. Home
  2. MARC view: The other side of truth /
Normal view MARC view ISBD view

The other side of truth / (Record no. 294971)

[ view plain ]
MARC details
000 -LEADER
fixed length control field 01371cam a22003614a 4500
001 - CONTROL NUMBER
control field 12437940
003 - CONTROL NUMBER IDENTIFIER
control field SISC
005 - DATE AND TIME OF LATEST TRANSACTION
control field 20160601095408.0
007 - PHYSICAL DESCRIPTION FIXED FIELD--GENERAL INFORMATION
fixed length control field SISC
008 - FIXED-LENGTH DATA ELEMENTS--GENERAL INFORMATION
fixed length control field 010601s2000 enk c 000 1 eng
010 ## - LIBRARY OF CONGRESS CONTROL NUMBER
LC control number 2001347668
020 ## - INTERNATIONAL STANDARD BOOK NUMBER
International Standard Book Number 9780064410021 (pbk.)
035 ## - SYSTEM CONTROL NUMBER
System control number (UkLWHE)e000344915
040 ## - CATALOGING SOURCE
Original cataloging agency DLC
Transcribing agency DLC
042 ## - AUTHENTICATION CODE
Authentication code pcc
-- lcac
043 ## - GEOGRAPHIC AREA CODE
Geographic area code e-uk-en
050 00 - LIBRARY OF CONGRESS CALL NUMBER
Classification number PZ 7 .N1384
Item number Ot 2000
082 00 - DEWEY DECIMAL CLASSIFICATION NUMBER
Classification number [Fic]
100 1# - MAIN ENTRY--PERSONAL NAME
Personal name Naidoo, Beverley.
245 14 - TITLE STATEMENT
Title The other side of truth /
Statement of responsibility, etc Beverley Naidoo.
260 ## - PUBLICATION, DISTRIBUTION, ETC. (IMPRINT)
Place of publication, distribution, etc London :
Name of publisher, distributor, etc Harper Trophy,
Date of publication, distribution, etc 2000.
300 ## - PHYSICAL DESCRIPTION
Extent 252 p. ;
Dimensions 20 cm.
520 ## - SUMMARY, ETC.
Summary, etc Smuggled out of Nigeria after their mother's murder, Sade and her younger brother are abandoned in London when their uncle fails to meet them at the airport and they are fearful of their new surroundings and of what may have happened to their journalist father back in Nigeria.
586 ## - AWARDS NOTE
Awards note Nestlé Smarties Book Prize: Silver Award Winner, 2000
650 #0 - SUBJECT ADDED ENTRY--TOPICAL TERM
Topical term or geographic name as entry element Nigerians
Geographic subdivision England
-- London
Form subdivision Juvenile fiction.
650 #1 - SUBJECT ADDED ENTRY--TOPICAL TERM
Topical term or geographic name as entry element Nigerians
Geographic subdivision England
-- London
Form subdivision Fiction.
650 #1 - SUBJECT ADDED ENTRY--TOPICAL TERM
Topical term or geographic name as entry element Blacks
Geographic subdivision England
-- London
Form subdivision Fiction.
650 #1 - SUBJECT ADDED ENTRY--TOPICAL TERM
Topical term or geographic name as entry element Refugees
Form subdivision Fiction.
650 #1 - SUBJECT ADDED ENTRY--TOPICAL TERM
Topical term or geographic name as entry element Brothers and sisters
Form subdivision Fiction.
906 ## - LOCAL DATA ELEMENT F, LDF (RLIN)
a 7
b cbc
c origres
d 3
e ncip
f 20
g y-gencatlg
942 ## - ADDED ENTRY ELEMENTS (KOHA)
Source of classification or shelving scheme Library of Congress Classification
Koha item type Books
Holdings
Withdrawn status Lost status Source of classification or shelving scheme Damaged status Home library Current library Shelving location Date acquired Source of acquisition Total Checkouts Full call number Barcode Date last seen Date checked out Price effective from Koha item type
    Library of Congress Classification   Luxembourg Library Luxembourg Library Fiction Section 05/25/2016 Library Fund 1 PZ 7 .N1384 Ot 2000 20164 11/12/2024 10/07/2024 05/25/2016 Books

The other side of truth /

APA

Naidoo B., . (2000). The other side of truth. London: Harper Trophy.

Chicago

Naidoo Beverley, . 2000. The other side of truth. London: Harper Trophy.

Harvard

Naidoo B., . (2000). The other side of truth. London: Harper Trophy.

MLA

Naidoo Beverley, . The other side of truth. London: Harper Trophy. 2000.

  • Place hold
  • Print
  • Cite
  • Add to your cart (remove)
  • Save record
    BIBTEX Dublin Core MARCXML MARC (non-Unicode/MARC-8) MARC (Unicode/UTF-8) MARC (Unicode/UTF-8, Standard) MODS (XML) RIS
  • More searches
    Search for this title in:
    Other Libraries (WorldCat) Other Databases (Google Scholar) Online Stores (Bookfinder.com) Open Library (openlibrary.org)

Exporting to Dublin Core...

SOUTHVILLE LIBRARY

Southville International School and Colleges Library

1281 Tropical Ave. Cor. Luxembourg St., BF Homes International, Las Pinas City

Tel. No. 8256374 / 252358 Loc. 117/146

Powered by Koha